Nam Bộ - Đất và người T.13

Tập hợp các bài viết nghiên cứu về vùng đất Nam Bộ dưới góc độ lịch sử, nhân vật, khảo cổ, di sản văn hoá và những nhận định, đánh giá vấn đề lịch sử văn hoá Nam Bộ trong lịch sử và hiện tại...

Descripció completa

Guardat en:
Dades bibliogràfiques
Autor principal: Võ, Văn Sen
Altres autors: Nguyễn, Đức Hòa
Format: Llibre
Idioma:Undetermined
Publicat: Tp. Hồ Chí Minh Đại học Quốc gia Tp. Hồ Chí Minh 2018
Matèries:
Accés en línia:http://lrc.tdmu.edu.vn/opac/search/detail.asp?aID=2&ID=36113
Etiquetes: Afegir etiqueta
Sense etiquetes, Sigues el primer a etiquetar aquest registre!
Thư viện lưu trữ: Trung tâm Học liệu Trường Đại học Thủ Dầu Một
LEADER 01118nam a2200229Ia 4500
001 TDMU_36113
008 210410s9999 xx 000 0 und d
082 |a 352.3 
090 |b V400 
100 |a Võ, Văn Sen 
245 0 |a Nam Bộ - Đất và người 
245 0 |c Võ Văn Sen (ch.b.), Nguyễn Đức Hòa, Nguyễn Thanh Tuyền [nh.ng. khác] 
245 0 |n T.13 
260 |a Tp. Hồ Chí Minh 
260 |b Đại học Quốc gia Tp. Hồ Chí Minh 
260 |c 2018 
300 |a XIV, 876tr. 
520 |a Tập hợp các bài viết nghiên cứu về vùng đất Nam Bộ dưới góc độ lịch sử, nhân vật, khảo cổ, di sản văn hoá và những nhận định, đánh giá vấn đề lịch sử văn hoá Nam Bộ trong lịch sử và hiện tại 
650 |a Lịch sử  |z Nam Bộ (Việt Nam) 
700 |a Nguyễn, Đức Hòa 
856 |u http://lrc.tdmu.edu.vn/opac/search/detail.asp?aID=2&ID=36113 
980 |a Trung tâm Học liệu Trường Đại học Thủ Dầu Một